00886nam a2200241Ia 4500003000400000005001700004008004100021020001800062040001800080041000800098082002300106100002600129245010300155250001200258260007200270300002900342650003500371650003000406650002400436942003100460999001900491952013400510OSt20250920120001.0210716s2018 xx 000 0 und d a9789352136087 cAIMIT LIBRARY aeng a005.768 22bMAHA aMurray, Scott9239880 aInteractive visualization for the web : ban introduction to designing with D3 /cBy Scott Murray. a2nd ed. aNew Delhi :bShroff Publications and Distributers Pvt Ltd ,c2018. axvi,447p. ;bPBc23.4 cm aTechnologyfundamentals9239881 aDrawing with data9239882 aUsing paths9239883 2ddccBKe2ndk005.768 MAHA c195931d195931 001040708MCAaAIMITbAIMITeKnowledge Worldg1325.00l0o005.768 MAHApMCA15444r2026-05-23 00:00:00v1033.50w2021-07-16yBK